ბათუმის შოთა რუსთაველის სახელმწიფო უნივერსიტეტის ბიბლიოთეკა

დისკრეტული მათემატიკის საფუძვლები : სახელმძღვ. / (ბიბ.ჩანაწერი № 38547)

000 -ლიდერი
ფიქსირებული სიგრძის საკონტროლო ველი 01149nam a2200253Ia 4500
001 - საკონტროლო ნომერი
საკონტროლო ველი 4648
003 - საკონტროლო ნომრის იდენტიფიკატორი
საკონტროლო ველი GE_BSU
005 - ბოლო ოპერაციის თარიღი და დრო
საკონტროლო ველი 20190527183345.0
008 - ფიქსირებული სიგრძის მონაცემთა ელემენტები - ზოგადი ინფორმაცია
ფიქსირებული სიგრძის საკონტროლო ველი 181216s1990||||ge |||||||||||||| ||geo||
020 ## - წიგნის საერთაშორისო სტანდარტული ნომერი
International Standard Book Number 5505013848
040 ## - კატალოგიზაციის წყარო
Transcribing agency GE_BSU
041 ## - ენის კოდი
Language code of text/sound track or separate title geo
080 ## - უნივერსალური ათობითი კლასიფიკაციის ინდექსი
Universal Decimal Classification number 519.854(075.8) დ–53
245 ## - ცნობა სათაურის შესახებ
Title დისკრეტული მათემატიკის საფუძვლები : სახელმძღვ. /
Statement of responsibility, etc ზ.ნაცვლიშვილი ; გ. ტაბიძე ; რ. დანელია ; და სხვ. რედ : ჯ.სანიკიძე ; რ.დანელია .
264 ## - წარმოების, გამოცემის, დისტრიბუციის და სხვა ცნობები
გამოცემის, წარმოების, დისტრიბუციის... ადგილი თბილისი :
გამოცემის, წარმოების, დისტრიბუციის... სახელწოდება განათლება,
გამოცემის, წარმოების, დისტრიბუციის... თარიღი 1990.
300 ## - ფიზიკური აღწერა
Extent 432გვ; 20სმ.
653 ## - INDEX TERM--UNCONTROLLED
Uncontrolled term დისკრეტული მათემატიკა
700 ## - ADDED ENTRY--PERSONAL NAME
Personal name ნაცვლიშვილი, ზ
9 (RLIN) 1591
700 ## - ADDED ENTRY--PERSONAL NAME
Personal name ტაბიძე, გ
9 (RLIN) 1668
700 ## - ADDED ENTRY--PERSONAL NAME
Personal name დანელია, რ
9 (RLIN) 1505
700 ## - ADDED ENTRY--PERSONAL NAME
Personal name სანიკიძე, ჯ
Relator term რედაქტორი
9 (RLIN) 1590
700 ## - ADDED ENTRY--PERSONAL NAME
Personal name დანელია, რ
Relator term რედაქტორი
9 (RLIN) 1505
942 ## - ADDED ENTRY ELEMENTS (KOHA)
Koha item type წიგნი
Source of classification or shelving scheme
ეგზემპლარები
ჩამოწერის სტატუსი დაკარგული ეგზემპლარის სტატუსი კლასიფიკაციის წყარო ან თაროზე გაწყობის სქემა დაზიანების სტატუსი არ გაიცემა მუდმივი მდებარეობა (დაცვის ადგილი) ამჟამინდელი ადგილსამყოფელი თაროზე განთავსების ადგილი შეძენის თარიღი ღირებულება, შესყიდვის ნორმალური ფასი სრული შენახვის შიფრი შტრიხკოდი ბოლო ოპერაციის თარიღი ეგზემპლარის მიმდევრობითი ნომერი (კეტერი?) ფასის ძალაში შესვლის თარიღი ეგზემპლარის სახეობა საჯარო შენიშვნა
          ტექნოლოგიური ფაკულტეტის ბიბლიოთეკა ტექნოლოგიური ფაკულტეტის ბიბლიოთეკა წიგნსაცავი 2018-12-17 8.00 519.854(075.8) დ–53 9159 2018-12-17 9159 2018-12-17 წიგნი 8 ლ. 40 თ.
          ტექნოლოგიური ფაკულტეტის ბიბლიოთეკა ტექნოლოგიური ფაკულტეტის ბიბლიოთეკა წიგნსაცავი 2018-12-17 8.00 519.854(075.8) დ–53 9160 2018-12-17 9160 2018-12-17 წიგნი 8 ლ. 40 თ.
          ტექნოლოგიური ფაკულტეტის ბიბლიოთეკა ტექნოლოგიური ფაკულტეტის ბიბლიოთეკა წიგნსაცავი 2018-12-17 8.00 519.854(075.8) დ–53 9161 2018-12-17 9161 2018-12-17 წიგნი 8 ლ. 40 თ.
          ტექნოლოგიური ფაკულტეტის ბიბლიოთეკა ტექნოლოგიური ფაკულტეტის ბიბლიოთეკა წიგნსაცავი 2018-12-17 8.00 519.854(075.8) დ–53 9162 2018-12-17 9162 2018-12-17 წიგნი 8 ლ. 40 თ.
          ტექნოლოგიური ფაკულტეტის ბიბლიოთეკა ტექნოლოგიური ფაკულტეტის ბიბლიოთეკა წიგნსაცავი 2018-12-17 8.00 519.854(075.8) დ–53 9163 2018-12-17 9163 2018-12-17 წიგნი 8 ლ. 40
          ტექნოლოგიური ფაკულტეტის ბიბლიოთეკა ტექნოლოგიური ფაკულტეტის ბიბლიოთეკა წიგნსაცავი 2018-12-17 8.00 519.854(075.8) დ–53 9164 2018-12-17 9164 2018-12-17 წიგნი 8 ლ. 40 თ.
          ტექნოლოგიური ფაკულტეტის ბიბლიოთეკა ტექნოლოგიური ფაკულტეტის ბიბლიოთეკა წიგნსაცავი 2018-12-17 8.00 519.854(075.8) დ–53 9165 2018-12-17 9165 2018-12-17 წიგნი 8 ლ. 40 თ.
          ტექნოლოგიური ფაკულტეტის ბიბლიოთეკა ტექნოლოგიური ფაკულტეტის ბიბლიოთეკა წიგნსაცავი 2018-12-17 8.00 519.854(075.8) დ–53 9166 2018-12-17 9166 2018-12-17 წიგნი 8 ლ. 40 თ.
          ტექნოლოგიური ფაკულტეტის ბიბლიოთეკა ტექნოლოგიური ფაკულტეტის ბიბლიოთეკა წიგნსაცავი 2018-12-17 8.00 519.854(075.8) დ–53 9167 2018-12-17 9167 2018-12-17 წიგნი 8 ლ. 40 თ.
          ტექნოლოგიური ფაკულტეტის ბიბლიოთეკა ტექნოლოგიური ფაკულტეტის ბიბლიოთეკა წიგნსაცავი 2018-12-17 8.00 519.854(075.8) დ–53 9168 2018-12-17 9168 2018-12-17 წიგნი 8ლ.40 თ.